Score 0/39 Timer 16:00
0 Plays Today
# of Contestants Name % Correct
3Danielle
87.1%
3Mike
84.9%
2Will
84.3%
3Rachel
74.6%
4James
74.4%
2Jen
73.1%
2Cody
72.8%
2Jessica
71.2%
2Nicole
70.1%
3Alex
67.2%
2Steve
67.2%
2Zach
65.3%
3Amanda
64%
4Natalie
64%
3Eric
63.8%
2Adam
63.1%
2Brittany
63.1%
2Jeff
62.6%
2Josh
62.4%
3Jason
59.9%
# of Contestants Name % Correct
3Michelle
58.6%
3Matt
58%
2Hayden
57.1%
2Mark
56%
2Jessie
55.6%
2Nick
54.7%
2Kevin
54.4%
2Joe
53.5%
2Michael
52.6%
2Jennifer
52%
2Amber
51.8%
2Shane
49.6%
2David
48.7%
2April
48.1%
3Scott
47%
2Shannon
45.6%
3Justin
45%
2Lori
38.1%
2Karen
33%

You're not logged in!

Compare scores with friends on all Sporcle quizzes.
OR
Log In

Sporcle TV

Today on Sporcle TV


Watch our educational content, quiz creation guides, and fun videos on Sporcle TV.

Show Comments

Extras

Top Quizzes Today


Score Distribution

Paid Content

Your Account Isn't Verified!

In order to create a playlist on Sporcle, you need to verify the email address you used during registration. Go to your Sporcle Settings to finish the process.

Report this User

Report this user for behavior that violates our Community Guidelines.

Details: